000 00467nam a2200181Ia 4500
003 LDD
008 190117s9999 xx 000 0 und d
020 _c₹45
040 _cLDD
041 _ahi
082 _a8H0.7 अ8236स
100 _aअज्ञेय
245 0 _aस्मृति-लेखा
_cअज्ञेय
250 _a2 सं.
260 _aनई दिल्ली
_bनेशनल
_c1986
300 _a155प्र.
942 _2ddc
_cH
999 _c154248
_d154248